000 00601nam a22002057a 4500
003 OSt
005 20140425112426.0
008 140425b xxu||||| |||| 00| 0 eng d
020 _a9781600571626
050 _aAY 67.Njw72
_b.J35 2013
100 _aJanssen, Sarah
245 _aThe world almanac and book of facts, 2013 /
_cSarah Janssen
260 _aUSA :
_bWorld Almanac Books,
_c2013.
300 _a1007 p. :
_bill. (some col. ) ;
_c21 cm.
650 _aStatistics
_vPeriodicals
650 _aUnited States
_vStatistics.
650 _aAlmanacs, American.
942 _2lcc
_cBK
999 _c115495
_d115495